000 01517nam2a22002651 4500
001 RU\NLR\INFOCOMM29\5000109605
005 20050207171152.3
035 _a(NLR Aleph) 002729059
090 _a1945473
_c1945473
100 _a20050207d1987 |||y0rusy50 ca
101 0 _arus
102 _aRU
105 _ay ||||000|y
200 1 _aСовременное состояние и тенденции развития плазменного нагрева за рубежом
_fМ.А. Шевцов, А.С. Бородачев
210 _d1987
461 0 _1001RU\NLR\INFOCOMM29\5000109579
_12001#$aЭлектротехническая промышленность$eОбзор. информ.$hСерия 11$iЭлектросварочное оборудование$fВНИИ информ. и техн.-экон. исслед. в электротехнике (Информэлектро)$v1987, Вып.2(6)
_91945295
_cМ.
_d1984-
_fВНИИ информ. и техн.-экон. исслед. в электротехнике (Информэлектро)
_hСерия 11
_iЭлектросварочное оборудование
_nИнформэлектро
_oОбзор. информ.
_tЭлектротехническая промышленность
_v1987, Вып.2(6)
700 1 _aШевцов
_bМ. А.
_4070
701 1 _aБородачев
_bА. С.
_4070
801 0 _aRU
_bNLR
_gPSBO
801 1 _aRU
_bInfoComm
_c20050207
852 _aNLR
_jП10/6194
942 _cISSUE
980 _aNB
980 _aRUSPER